[Event "First Saturday 2011 februar FM-B"]
[Site "Budapest"]
[Date "2011.02.05"]
[Round "1"]
[White "Bodi, Tibor"]
[Black "Zoltan, Andras"]
[Result "0-1"]
[WhiteElo "2009"]
[BlackElo "1969"]
[PlyCount "80"]
[EventDate "2011.02.05"]

1. e4 e5 2. Nf3 Nc6 3. Bb5 Bc5 4. O-O Nf6 5. Bxc6 dxc6 6. Nxe5 Nxe4 7. c3 O-O
8. d4 Bd6 9. f4 Bxe5 10. dxe5 Qxd1 11. Rxd1 Be6 12. Be3 Rad8 13. Na3 Bxa2 14.
Re1 Be6 15. Bxa7 Nd2 16. Bc5 Rfe8 17. Rad1 Bg4 18. Rxd2 Rxd2 19. Nc4 Rd1 20.
Rxd1 Bxd1 21. Kf2 b6 22. Ba3 c5 23. Ke3 Bb3 24. Nd2 Bd5 25. g4 f6 26. c4 Bc6
27. b4 cxb4 28. Bxb4 fxe5 29. f5 Ra8 30. g5 Ra4 31. Be7 Kf7 32. Bd8 Ra3+ 33.
Ke2 b5 34. Bxc7 bxc4 35. Kd1 Ba4+ 36. Kc1 c3 37. Nb1 Ra2 38. Bxe5 Rc2+ 39. Kd1
Rxh2+ 40. Ke1 c2 0-1

[Event "First Saturday 2011 februar FM-B"]
[Site "Budapest"]
[Date "2011.02.05"]
[Round "1"]
[White "Tessedik, Karoly"]
[Black "Abul, Qasem"]
[Result "0-1"]
[WhiteElo "1913"]
[BlackElo "1981"]
[PlyCount "68"]
[EventDate "2011.02.05"]

1. d4 b5 2. Nf3 Bb7 3. e3 a6 4. Be2 Nf6 5. b3 e6 6. Bb2 c5 7. Nbd2 Nc6 8. c4
bxc4 9. bxc4 cxd4 10. exd4 Be7 11. O-O O-O 12. Bc3 Qc7 13. Rb1 a5 14. Qc2 Rfc8
15. Ne4 Nxe4 16. Qxe4 Nb4 17. Qg4 Nxa2 18. Ba1 f5 19. Qh3 Be4 20. Rbd1 Bf6 21.
Ne5 d6 22. Nd3 Qxc4 23. Nf4 Qc2 24. f3 Bd5 25. Rfe1 Nb4 26. Bb5 Bg5 27. Nxd5
Nxd5 28. Bd7 Nf4 29. Qg3 Ne2+ 30. Rxe2 Qxd1+ 31. Re1 Be3+ 32. Kh1 Rc1 33. Bxe6+
Kh8 34. Bc3 Bd2 0-1

[Event "First Saturday 2011 februar FM-B"]
[Site "Budapest"]
[Date "2011.02.05"]
[Round "1"]
[White "Honch, Pal"]
[Black "Koczo, Kristof"]
[Result "0-1"]
[WhiteElo "2096"]
[BlackElo "2236"]
[PlyCount "52"]
[EventDate "2011.02.05"]

1. d4 d5 2. c4 dxc4 3. Nf3 c5 4. e3 cxd4 5. Bxc4 Qc7 6. Qxd4 Nc6 7. Qc3 Nf6 8.
Nbd2 e5 9. Ng5 Bb4 10. Qb3 O-O 11. O-O Bxd2 12. Bxd2 h6 13. Nf3 Bg4 14. Rfc1
Qd7 15. Bc3 Bxf3 16. gxf3 Qh3 17. Be2 e4 18. Bxf6 exf3 19. Bxf3 Qxf3 20. Qxb7
Rac8 21. Bh4 Nd4 22. Qxc8 Ne2+ 23. Kf1 Rxc8 24. Rxc8+ Kh7 25. Rb8 g5 26. Rd1
Nf4 0-1

[Event "First Saturday 2011 februar FM-B"]
[Site "Budapest"]
[Date "2011.02.05"]
[Round "1"]
[White "Medvegyne, B.Emese"]
[Black "Gruz, Janos"]
[Result "1/2-1/2"]
[WhiteElo "2084"]
[BlackElo "1911"]
[PlyCount "51"]
[EventDate "2011.02.05"]

1. e4 c5 2. Nc3 d6 3. d3 Nf6 4. g3 Nc6 5. Bg2 g6 6. Be3 Bg7 7. h3 O-O 8. Qd2
Bd7 9. Nge2 a6 10. O-O Qc7 11. Kh2 e5 12. f4 Nd4 13. Nd1 Bc6 14. Ng1 exf4 15.
gxf4 Nh5 16. c3 Ne6 17. d4 cxd4 18. cxd4 Bb5 19. Rc1 Qd7 20. Rf3 f5 21. exf5
Rxf5 22. Nc3 Qe7 23. Nxb5 axb5 24. a3 Raf8 25. Rcf1 Nf6 26. R3f2 {after 26 move
} 1/2-1/2

[Event "First Saturday 2011 februar FM-B"]
[Site "Budapest"]
[Date "2011.02.05"]
[Round "1"]
[White "Krizsany, Laszlo Sr."]
[Black "Farkas, Richard"]
[Result "0-1"]
[WhiteElo "1982"]
[BlackElo "1950"]
[PlyCount "28"]
[EventDate "2011.02.05"]

1. d4 d5 2. c4 e5 3. e3 exd4 4. Qxd4 Nc6 5. Qd1 Nf6 6. a3 Bf5 7. Nf3 Qd7 8. Be2
O-O-O 9. O-O dxc4 10. Qxd7+ Nxd7 11. Bxc4 Nde5 12. Nxe5 Nxe5 13. Be2 Be7 14.
Bd2 Bxb1 0-1

[Event "First Saturday 2011 februar FM-B"]
[Site "Budapest"]
[Date "2011.02.06"]
[Round "2"]
[White "Szendeff, Miklos"]
[Black "Krizsany, Laszlo Sr"]
[Result "1/2-1/2"]
[WhiteElo "1983"]
[BlackElo "1950"]
[PlyCount "119"]
[EventDate "2011.02.05"]

1. e4 c6 2. d4 d5 3. Nc3 dxe4 4. Nxe4 Bf5 5. Ng3 Bg6 6. Nf3 e6 7. Ne5 Bd6 8.
Nxg6 hxg6 9. Ne4 Be7 10. Be3 Nf6 11. Nxf6+ Bxf6 12. Bc4 Nd7 13. c3 Nb6 14. Bb3
Nd5 15. Bd2 Bg5 16. g3 Bxd2+ 17. Qxd2 Nf6 18. f3 Qc7 19. O-O-O O-O-O 20. Qe2
Rh7 21. f4 Rdh8 22. h4 Nd5 23. Rhf1 Rd8 24. Kb1 Kb8 25. Qe5 Rhh8 26. Qxg7 Ne3
27. Qe5 Nxd1 28. Qe1 Nxc3+ 29. bxc3 Rd7 30. Kc2 Rhd8 31. Qe3 Rc8 32. h5 gxh5
33. f5 exf5 34. Rxf5 Re7 35. Qf3 h4 36. gxh4 Qh2+ 37. Kd3 Qxh4 38. Rxf7 Rxf7
39. Qxf7 Rh8 40. Kc4 Qg3 41. Qf6 Qg8+ 42. Kb4 Qf8+ 43. Qxf8+ Rxf8 44. a4 Rf4
45. a5 Kc7 46. Kc4 Kd6 47. Ba4 Rh4 48. Bd1 c5 49. Bf3 b6 50. axb6 axb6 51. Kb5
cxd4 52. cxd4 Rxd4 53. Kxb6 Rb4+ 54. Ka5 Kc5 55. Ka6 Rb6+ 56. Ka7 Rf6 57. Bg2
Kb5 58. Kb8 Rf7 59. Kc8 Kb6 60. Kd8 1/2-1/2

[Event "First Saturday 2011 februar FM-B"]
[Site "Budapest"]
[Date "2011.02.06"]
[Round "2"]
[White "Gruz, Janos"]
[Black "Farkas, Richard"]
[Result "1/2-1/2"]
[WhiteElo "1911"]
[BlackElo "1982"]
[PlyCount "73"]
[EventDate "2011.02.05"]

1. d4 d5 2. Nd2 c5 3. e3 Nf6 4. Ngf3 Nc6 5. c3 e6 6. Bd3 Bd6 7. O-O O-O 8. Re1
Re8 9. dxc5 Bxc5 10. b4 Bb6 11. a4 e5 12. a5 Bc7 13. e4 dxe4 14. Nxe4 Nxe4 15.
Bxe4 Qxd1 16. Rxd1 f5 17. Bd5+ Be6 18. b5 Bxd5 19. Rxd5 Nxa5 20. Be3 f4 21. Bc5
Nb3 22. Rad1 e4 23. Nd4 Nxd4 24. Bxd4 Red8 25. Rxd8+ Rxd8 26. Re1 Re8 27. Kf1
a6 28. bxa6 bxa6 29. Rb1 Be5 30. Rb6 Bxd4 31. cxd4 a5 32. Ra6 Rd8 33. Rxa5 Rxd4
34. Ke2 Rb4 35. Rf5 Rb2+ 36. Kf1 e3 37. Rxf4 1/2-1/2

[Event "First Saturday 2011 februar FM-B"]
[Site "Budapest"]
[Date "2011.02.06"]
[Round "2"]
[White "Koczo, Kristof"]
[Black "Medvegyne, B.Emese"]
[Result "1/2-1/2"]
[WhiteElo "2236"]
[BlackElo "2084"]
[PlyCount "117"]
[EventDate "2011.02.05"]

1. d4 d5 2. Nf3 Nf6 3. c4 c6 4. Nc3 a6 5. c5 Bf5 6. Bf4 Nbd7 7. h3 g6 8. e3 Bg7
9. Be2 Be4 10. O-O Bxf3 11. Bxf3 O-O 12. Qb3 Ra7 13. Na4 Re8 14. Rad1 e5 15.
Bh2 exd4 16. exd4 Nf8 17. Nb6 N6d7 18. a4 Ne6 19. Nxd7 Qxd7 20. Qc3 Raa8 21. a5
Ng5 22. Rd3 Nxf3+ 23. Rxf3 Re4 24. Rd1 Rae8 25. Re3 Rxe3 26. fxe3 Qe7 27. Rd3
Qe4 28. Bf4 Re6 29. Qd2 h6 30. Rb3 Re7 31. Bd6 Rd7 32. Qd3 Qh4 33. Kh2 Qd8 34.
Rb6 Bf6 35. Kh1 Qe8 36. Qb3 Qc8 37. e4 dxe4 38. d5 Rxd6 39. cxd6 cxd5 40. Qd1
Bd8 41. Rb3 Qc6 42. Qg4 Qxd6 43. Rxb7 f5 44. Qd1 Bc7 45. g3 Qc6 46. Rxc7 Qxc7
47. Qxd5+ Kh7 48. Qd2 Qc6 49. Kh2 Qb5 50. Kg2 g5 51. b4 Qc6 52. Kf2 Qc7 53. Qe2
Qd6 54. Qc4 Qd2+ 55. Kf1 Qd1+ 56. Kg2 Qf3+ 57. Kh2 Qf2+ 58. Kh1 Qf3+ 59. Kh2
1/2-1/2

[Event "First Saturday 2011 februar FM-B"]
[Site "Budapest"]
[Date "2011.02.06"]
[Round "2"]
[White "Abul, Qasem"]
[Black "Honch, Pal"]
[Result "0-1"]
[WhiteElo "1981"]
[BlackElo "2096"]
[PlyCount "44"]
[EventDate "2011.02.05"]

1. f4 e5 2. fxe5 d6 3. exd6 Bxd6 4. Nf3 g5 5. g3 g4 6. Nh4 Bd7 7. Bg2 Nc6 8.
O-O Be7 9. Nf5 Bf6 10. Nc3 h5 11. Nd5 Bxf5 12. Rxf5 Bd4+ 13. e3 Nce7 14. Nxe7
Bxe3+ 15. Kh1 Nxe7 16. Qf1 Nxf5 17. Qxf5 Bb6 18. Bxb7 Rh6 19. d3 Rf6 20. Qe4+
Re6 21. Bc6+ Ke7 22. Bxa8 Rxe4 {after 24 move} 0-1

[Event "First Saturday 2011 februar FM-B"]
[Site "Budapest"]
[Date "2011.02.06"]
[Round "2"]
[White "Zoltan, Andras"]
[Black "Tessedik, Karoly"]
[Result "1/2-1/2"]
[WhiteElo "1969"]
[BlackElo "1913"]
[PlyCount "55"]
[EventDate "2011.02.05"]

1. e4 g6 2. d4 d6 3. Nf3 c6 4. Be2 Bg7 5. O-O Nd7 6. c4 c5 7. d5 Ngf6 8. Nc3 h5
9. h3 Nh7 10. Be3 b6 11. Qd2 Ne5 12. Nxe5 dxe5 13. Rad1 O-O 14. Bh6 Bd7 15.
Bxg7 Kxg7 16. f4 exf4 17. Qxf4 Qb8 18. e5 f6 19. d6 Qe8 20. dxe7 Qxe7 21. Nd5
Qxe5 22. Nxb6 Qxf4 23. Rxd7+ Rf7 24. Rxf4 axb6 25. Rxf7+ Kxf7 26. a3 Rd8 27.
Bf3 Rd2 28. Bd5+ 1/2-1/2

[Event "First Saturday 2011 februar FM-B"]
[Site "Budapest"]
[Date "2011.02.06"]
[Round "2"]
[White "Darazs, Zoltan"]
[Black "Bodi, Tibor"]
[Result "1-0"]
[WhiteElo "2197"]
[BlackElo "2009"]
[PlyCount "125"]
[EventDate "2011.02.05"]

1. e4 Nf6 2. e5 Nd5 3. d4 d6 4. c4 Nb6 5. exd6 cxd6 6. Nc3 g6 7. Be3 Bg7 8. Rc1
O-O 9. Nf3 e5 10. dxe5 dxe5 11. Qxd8 Rxd8 12. Bxb6 axb6 13. a3 Bg4 14. Be2 Nc6
15. h3 Bxf3 16. Bxf3 e4 17. Bxe4 Re8 18. O-O Bxc3 19. Bxc6 Bxb2 20. Bxe8 Bxc1
21. Bxf7+ Kxf7 22. Rxc1 Rxa3 23. Rb1 Ra6 24. h4 Ke6 25. Rb5 Kd6 26. h5 Ke6 27.
Kh2 Kf7 28. Kg3 Kg7 29. hxg6 hxg6 30. f4 Ra4 31. Rxb6 Rxc4 32. Rxb7+ Kf6 33.
Kg4 Rc6 34. Kh4 Rc4 35. Rb6+ Kg7 36. g3 Rc5 37. Re6 Rh5+ 38. Kg4 Rh1 39. Ra6
Rh2 40. Kf3 Rh3 41. Kg2 Rh8 42. Kf3 Rh3 43. Kg2 Rh5 44. g4 Rh8 45. Kg3 Rb8 46.
Kh4 Rb7 47. Kg5 Rb5+ 48. Kh4 Rb7 49. Rd6 Kh7 50. Kg3 Rb3+ 51. Kf2 Kg7 52. Ke2
Ra3 53. Rd3 Ra6 54. Ke3 Kf6 55. Ke4 Rb6 56. Ke3 Ke6 57. Kf3 Kf6 58. Ke3 Re6+
59. Kf3 Ra6 60. Rd4 Rb6 61. Ke3 Ra6 62. Ke4 g5 63. f5 {after 20 move} 1-0

[Event "First Saturday 2011 februar FM-B"]
[Site "Budapest"]
[Date "2011.02.07"]
[Round "3"]
[White "Bodi, Tibor"]
[Black "Szendeff, Miklos"]
[Result "1-0"]
[WhiteElo "2009"]
[BlackElo "1983"]
[PlyCount "51"]
[EventDate "2011.02.05"]

1. f4 d5 2. Nf3 c5 3. g3 Nc6 4. Bg2 Nf6 5. O-O g6 6. d3 Bg7 7. Qe1 O-O 8. e4 e6
9. e5 Ng4 10. h3 Nh6 11. c3 b6 12. Be3 Ba6 13. Qd2 Nf5 14. Bf2 Qc7 15. g4 Nfe7
16. Bg3 Rae8 17. Na3 Bh6 18. Rfe1 Qd7 19. Nc2 d4 20. c4 Bb7 21. Rf1 f6 22. exf6
Rxf6 23. g5 Nf5 24. Bh2 Rf7 25. gxh6 Nxh6 26. Rae1 1-0

[Event "First Saturday 2011 februar FM-B"]
[Site "Budapest"]
[Date "2011.02.07"]
[Round "3"]
[White "Tessedik, Karoly"]
[Black "Darazs, Zoltan"]
[Result "0-1"]
[WhiteElo "1913"]
[BlackElo "2197"]
[PlyCount "52"]
[EventDate "2011.02.05"]

1. d4 Nf6 2. c4 g6 3. Nc3 d5 4. Nf3 Bg7 5. Qb3 dxc4 6. Qxc4 O-O 7. e4 a6 8. e5
b5 9. Qb3 Nfd7 10. h4 c5 11. e6 c4 12. exf7+ Rxf7 13. Qd1 Bb7 14. h5 Nf8 15.
hxg6 hxg6 16. Be3 Nc6 17. Ng5 Rf5 18. Qg4 Nxd4 19. O-O-O e5 20. Nh7 Nxh7 21.
Qxg6 Nf8 22. Qg4 Qf6 23. Rh6 Qf7 24. Bxd4 exd4 25. Ne2 Rxf2 26. Rh1 d3 0-1

[Event "First Saturday 2011 februar FM-B"]
[Site "Budapest"]
[Date "2011.02.07"]
[Round "3"]
[White "Honch, Pal"]
[Black "Zoltan, Andras"]
[Result "1/2-1/2"]
[WhiteElo "2096"]
[BlackElo "1969"]
[PlyCount "50"]
[EventDate "2011.02.05"]

1. d4 d5 2. c4 e5 3. cxd5 Qxd5 4. Nc3 Bb4 5. Nf3 exd4 6. Qxd4 Qxd4 7. Nxd4 Nf6
8. Bd2 O-O 9. Ndb5 Na6 10. e3 c6 11. Nd4 Nc7 12. Be2 Bxc3 13. Bxc3 Ncd5 14. Rc1
Nxc3 15. Rxc3 Ne4 16. Rc1 c5 17. Nb3 b6 18. f3 Nd6 19. Kf2 Be6 20. Rc3 Rfd8 21.
Ba6 Rab8 22. a4 Bxb3 23. Rxb3 Nb7 24. Ke2 Na5 25. Rc3 Nc6 1/2-1/2

[Event "First Saturday 2011 februar FM-B"]
[Site "Budapest"]
[Date "2011.02.07"]
[Round "3"]
[White "Medvegyne, B.Emese"]
[Black "Abul, Qasem"]
[Result "0-1"]
[WhiteElo "2084"]
[BlackElo "1981"]
[PlyCount "64"]
[EventDate "2011.02.05"]

1. e4 Nc6 2. Nf3 e5 3. d4 exd4 4. Bc4 Bc5 5. c3 Qf6 6. O-O d6 7. Bg5 Qg6 8. Re1
Ne5 9. cxd4 Nxf3+ 10. Qxf3 Bxd4 11. e5 Bxe5 12. Bb5+ Kf8 13. Bf4 a6 14. Ba4 Qg4
15. Rxe5 dxe5 16. Qa3+ Ne7 17. Bxe5 b5 18. Bc2 Bb7 19. Bg3 Rd8 20. h3 Qc4 21.
Bb3 Qc1+ 22. Kh2 c5 23. Qa5 Rd7 24. Qb6 c4 25. Qc5 Qf1 26. f3 cxb3 27. axb3 h5
28. Bh4 Rh6 29. Qe5 Re6 30. Qxh5 Kg8 31. Qg4 Ng6 32. Bg3 Re2 0-1

[Event "First Saturday 2011 februar FM-B"]
[Site "Budapest"]
[Date "2011.02.07"]
[Round "3"]
[White "Farkas, Richard"]
[Black "Koczo, Kristof"]
[Result "0-1"]
[WhiteElo "1982"]
[BlackElo "2236"]
[PlyCount "96"]
[EventDate "2011.02.05"]

1. d4 d5 2. c4 c6 3. Nc3 Nf6 4. Nf3 dxc4 5. a4 Bf5 6. Ne5 Nbd7 7. Nxc4 Nd5 8.
Qb3 Be6 9. e4 N5b6 10. a5 Bxc4 11. Bxc4 Nxc4 12. Qxc4 a6 13. O-O g6 14. Bf4 Bg7
15. b4 e5 16. Be3 exd4 17. Bxd4 Ne5 18. Bxe5 Bxe5 19. Rad1 Qe7 20. Na4 O-O 21.
f4 Bg7 22. Rf3 Rad8 23. Rfd3 Rxd3 24. Rxd3 Rd8 25. Nc5 Rxd3 26. Qxd3 Bf8 27.
Qd4 Qh4 28. Nd3 Qg4 29. e5 Qd1+ 30. Kf2 Qd2+ 31. Kg1 Bxb4 32. Qxb4 Qxd3 33. Qb6
Kg7 34. g3 Qd7 35. Kf2 h5 36. Qb2 Kg8 37. Qb6 Qc8 38. Qc5 Qh3 39. Kg1 h4 40.
Qe3 c5 41. e6 Qxe6 42. Qxc5 h3 43. Qc3 Kh7 44. Kf1 Qd5 45. Qf6 Qh1+ 46. Ke2
Qxh2+ 47. Kf3 Qg2+ 48. Kg4 Qd5 0-1

[Event "First Saturday 2011 februar FM-B"]
[Site "Budapest"]
[Date "2011.02.07"]
[Round "3"]
[White "Krizsany, Laszlo Sr"]
[Black "Gruz, Janos"]
[Result "1/2-1/2"]
[WhiteElo "1950"]
[BlackElo "1911"]
[PlyCount "34"]
[EventDate "2011.02.05"]

1. d4 d5 2. Nf3 e6 3. c4 c6 4. Nc3 f5 5. Bf4 Bd6 6. Bxd6 Qxd6 7. e3 Nf6 8. Be2
O-O 9. O-O Bd7 10. cxd5 exd5 11. Ne5 Be8 12. f4 Nbd7 13. a3 Ne4 14. Nxe4 fxe4
15. Bg4 Nf6 16. Bh3 Bd7 17. Nxd7 Nxd7 1/2-1/2

[Event "First Saturday 2011 februar FM-B"]
[Site "Budapest"]
[Date "2011.02.08"]
[Round "4"]
[White "Szendeff, Miklos"]
[Black "Gruz, Janos"]
[Result "0-1"]
[WhiteElo "1983"]
[BlackElo "1911"]
[PlyCount "84"]
[EventDate "2011.02.05"]

1. e4 c5 2. Nf3 d6 3. c3 Nf6 4. Bb5+ Bd7 5. Bxd7+ Qxd7 6. d3 Nc6 7. h3 e5 8.
Nbd2 Be7 9. Nf1 Rd8 10. c4 Nd4 11. Bg5 Ne6 12. Be3 h6 13. Ng3 g5 14. Nf5 Bf8
15. Qb3 Ng7 16. Nxg7+ Bxg7 17. O-O-O Rb8 18. Qb5 O-O 19. Qxd7 Nxd7 20. g4 f6
21. Nd2 Kf7 22. Nf1 Rh8 23. Ng3 Bf8 24. Rh2 Be7 25. Rdh1 Nf8 26. h4 Ng6 27. Nf5
Nxh4 28. Nxh4 gxh4 29. f3 Rbg8 30. Kc2 f5 31. exf5 Bg5 32. Bf2 h5 33. Bxh4 Bf4
34. Rg2 hxg4 35. Rxg4 Rxg4 36. fxg4 Bg3 37. Rg1 Bxh4 38. g5 Rg8 39. g6+ Kf6 40.
Rf1 Bg5 41. Kd1 Bf4 42. Rh1 Rg7 0-1

[Event "First Saturday 2011 februar FM-B"]
[Site "Budapest"]
[Date "2011.02.08"]
[Round "4"]
[White "Koczo, Kristof"]
[Black "Krizsany, Laszlo Sr"]
[Result "1/2-1/2"]
[WhiteElo "2236"]
[BlackElo "1950"]
[PlyCount "38"]
[EventDate "2011.02.05"]

1. d4 Nf6 2. c4 e6 3. Nc3 d5 4. cxd5 exd5 5. Bg5 c6 6. e3 Be7 7. Qc2 O-O 8. Bd3
h6 9. Bh4 Re8 10. Nf3 Nbd7 11. O-O Ne4 12. Bxe7 Qxe7 13. Bxe4 dxe4 14. Nd2 Nf6
15. Rab1 b6 16. b4 Ba6 17. b5 cxb5 18. Nxb5 Bxb5 19. Rxb5 Rec8 1/2-1/2

[Event "First Saturday 2011 februar FM-B"]
[Site "Budapest"]
[Date "2011.02.08"]
[Round "4"]
[White "Abul, Qasem"]
[Black "Farkas, Richard"]
[Result "1-0"]
[WhiteElo "1981"]
[BlackElo "1982"]
[PlyCount "163"]
[EventDate "2011.02.05"]

1. f4 e5 2. fxe5 d6 3. exd6 Bxd6 4. Nf3 g5 5. g3 h5 6. d4 g4 7. Ne5 Bxe5 8.
dxe5 Qxd1+ 9. Kxd1 Nc6 10. Bf4 Bf5 11. Nd2 O-O-O 12. Bg2 Nge7 13. Rf1 Be6 14.
Be4 Rd7 15. Ke1 h4 16. Bd3 hxg3 17. Bxg3 Rh5 18. Ne4 Rd8 19. Nf6 Rh3 20. Be4
Nd4 21. Rd1 Nef5 22. c3 Nxg3 23. hxg3 Nc6 24. Rxd8+ Kxd8 25. Bxc6 bxc6 26. Kf2
Rh2+ 27. Ke3 Rg2 28. Rf4 Rxg3+ 29. Kf2 Rh3 30. Nxg4 Rh5 31. Ne3 Rxe5 32. Ra4 a5
33. Nc2 Kd7 34. Nd4 Rh5 35. Ke3 Kd6 36. Kd3 Rc5 37. Nf3 Rb5 38. b3 Rh5 39. Nd2
Rh3+ 40. Nf3 Rh5 41. Nd2 Rh3+ 42. Kc2 Rh5 43. Ne4+ Ke7 44. Kd2 Re5 45. Nf2 Rh5
46. Nd3 Bc8 47. c4 Ba6 48. Kc3 f6 49. Kd4 Bc8 50. Nc5 Kd6 51. Rxa5 Ke7 52. Ra7
Rh4+ 53. Ke3 Bg4 54. Nd3 Rh2 55. Nf2 Bf5 56. Rxc7+ Kd6 57. Rf7 Ke6 58. Ra7 Rh4
59. Nd3 Bxd3 60. Kxd3 Kd6 61. Rg7 Kc5 62. Rf7 Rf4 63. Kc3 Rf2 64. b4+ Kb6 65.
Kd3 Rf4 66. a3 c5 67. e3 Rf1 68. Ke4 Rf2 69. Kd5 Rf5+ 70. Kd6 cxb4 71. axb4 Re5
72. Rxf6 Rxe3 73. Kd5+ Kc7 74. Rf7+ Kb8 75. b5 Rd3+ 76. Kc6 Rd8 77. c5 Rc8+ 78.
Kb6 Ka8 79. c6 Rb8+ 80. Rb7 Rxb7+ 81. cxb7+ Kb8 82. Ka6 1-0

[Event "First Saturday 2011 februar FM-B"]
[Site "Budapest"]
[Date "2011.02.08"]
[Round "4"]
[White "Zoltan, Andras"]
[Black "Medvegyne, B.Emese"]
[Result "0-1"]
[WhiteElo "1969"]
[BlackElo "2084"]
[PlyCount "88"]
[EventDate "2011.02.05"]

1. e4 c5 2. Nf3 Nc6 3. Bb5 g6 4. O-O Bg7 5. c3 Nf6 6. Re1 O-O 7. d4 cxd4 8.
cxd4 a6 9. Bxc6 dxc6 10. Nc3 Bg4 11. Be3 Qc7 12. h3 Bxf3 13. Qxf3 Rad8 14. Rac1
Qa5 15. Red1 Rd7 16. a3 Rfd8 17. Ne2 Ne8 18. Rc2 Rc8 19. Rdc1 e6 20. Kh1 Qd8
21. a4 Qf6 22. Qxf6 Nxf6 23. f3 Bf8 24. Bd2 Ne8 25. Nf4 Rxd4 26. Bc3 Rd7 27. b4
Bh6 28. g3 Rcd8 29. Kg2 Bg7 30. Bxg7 Kxg7 31. Ne2 Nc7 32. Kf2 Rd3 33. Nc3 e5
34. Ke2 Ne6 35. b5 axb5 36. axb5 cxb5 37. Rb2 b4 38. Rxb4 Rd2+ 39. Ke1 Rh2 40.
Nd5 Nd4 41. Rc3 Ra8 42. Kd1 Ra1+ 43. Rc1 Rh1+ 44. Kd2 Rhxc1 0-1

[Event "First Saturday 2011 februar FM-B"]
[Site "Budapest"]
[Date "2011.02.08"]
[Round "4"]
[White "Darazs, Zoltan"]
[Black "Honch, Pal"]
[Result "1/2-1/2"]
[WhiteElo "2197"]
[BlackElo "2096"]
[PlyCount "119"]
[EventDate "2011.02.05"]

1. e4 c5 2. Nf3 d6 3. d4 cxd4 4. Nxd4 a6 5. c4 Nf6 6. Nc3 e6 7. Be2 Be7 8. O-O
O-O 9. Be3 Qc7 10. Rc1 Bd7 11. f3 Qc8 12. Qd2 e5 13. Nb3 Qd8 14. Nd5 Nxd5 15.
cxd5 a5 16. Rc2 Ba4 17. Rfc1 Nd7 18. Rc3 b6 19. Na1 Nc5 20. b3 Bd7 21. g4 h6
22. Nc2 Bg5 23. Na3 Bxe3+ 24. Qxe3 Qe7 25. Nc4 Rfb8 26. a3 a4 27. b4 Nb3 28.
Rf1 Nd4 29. Rfc1 Nb3 30. Rd1 b5 31. Nd2 Nd4 32. Rdc1 Rc8 33. Bd1 Qg5 34. Qxg5
hxg5 35. Rc7 Rab8 36. Kf2 Kf8 37. Be2 Ke7 38. Nb1 Kd8 39. Rxc8+ Rxc8 40. Rxc8+
Bxc8 41. Nc3 Bd7 42. Bd3 Ke7 43. Nd1 g6 44. Ne3 Kf6 45. Ng2 Kg7 46. Ke3 Kf6 47.
h3 Bc8 48. Be2 Bd7 49. Bd1 Ke7 50. f4 gxf4+ 51. Nxf4 g5 52. Ng2 f6 53. h4 Kf7
54. h5 Kg7 55. Ne1 Kf7 56. Nd3 Kg7 57. Kd2 Kf7 58. Kc3 Kg7 59. Nc5 Bc8 60. Nd3
1/2-1/2

[Event "First Saturday 2011 februar FM-B"]
[Site "Budapest"]
[Date "2011.02.08"]
[Round "4"]
[White "Bodi, Tibor"]
[Black "Tessedik, Karoly"]
[Result "1-0"]
[WhiteElo "2009"]
[BlackElo "1913"]
[PlyCount "57"]
[EventDate "2011.02.05"]

1. e4 e6 2. d4 b6 3. Bd3 Bb7 4. Nf3 Nf6 5. e5 Ne4 6. Nc3 Nxc3 7. bxc3 c5 8. Ng5
d5 9. Qh5 Qe7 10. Nxh7 c4 11. Be2 Nd7 12. Nf6+ gxf6 13. Qxh8 fxe5 14. dxe5
O-O-O 15. O-O f5 16. exf6 Nxf6 17. Ba3 Qg7 18. Qxg7 Bxg7 19. Bf3 Kd7 20. Bc1
Rg8 21. Be3 e5 22. g3 e4 23. Bg2 Ng4 24. Rad1 Ke6 25. Bd4 Bf8 26. f3 exf3 27.
Bxf3 Bc8 28. Bxd5+ Kxd5 29. Rxf8 1-0

[Event "First Saturday 2011 februar FM-B"]
[Site "Budapest"]
[Date "2011.02.09"]
[Round "5"]
[White "Tessedik, Karoly"]
[Black "Szendeff, Miklos"]
[Result "1/2-1/2"]
[WhiteElo "1913"]
[BlackElo "1983"]
[PlyCount "58"]
[EventDate "2011.02.05"]

1. d4 g6 2. c4 Bg7 3. Nc3 d6 4. e4 c6 5. Be3 Nd7 6. Qd2 Qc7 7. Be2 e5 8. d5 c5
9. h4 h5 10. Nh3 Ndf6 11. f3 Bd7 12. Ng5 Nh7 13. Nxh7 Rxh7 14. O-O-O O-O-O 15.
Kb1 Nh6 16. Rc1 a6 17. a3 b6 18. Rc2 Kb7 19. b4 Rb8 20. Rb2 Ka7 21. Ka2 f5 22.
bxc5 bxc5 23. Rxb8 Kxb8 24. Rb1+ Ka7 25. Bd1 f4 26. Bf2 Rh8 27. Ba4 Rb8 28.
Bxd7 Qxd7 29. Qc2 Rxb1 1/2-1/2

[Event "First Saturday 2011 februar FM-B"]
[Site "Budapest"]
[Date "2011.02.09"]
[Round "5"]
[White "Honch, Pal"]
[Black "Bodi, Tibor"]
[Result "0-1"]
[WhiteElo "2096"]
[BlackElo "2009"]
[PlyCount "96"]
[EventDate "2011.02.05"]

1. d4 Nf6 2. c4 g6 3. Nf3 c5 4. g3 Bg7 5. Bg2 O-O 6. Nc3 cxd4 7. Nxd4 Nc6 8.
O-O Qb6 9. Nxc6 dxc6 10. Qc2 e5 11. e4 Be6 12. b3 Rfd8 13. Bg5 Rd7 14. Na4 Qa5
15. h3 h6 16. Be3 b6 17. c5 b5 18. Nc3 Rad8 19. Rfe1 Ne8 20. a3 Qc7 21. Kh2 f6
22. f4 f5 23. Rad1 Qa5 24. Nb1 Nf6 25. Bd2 Qc7 26. Nc3 Nh5 27. Ne2 Rd3 28. Bc3
Rxd1 29. Rxd1 Rxd1 30. Qxd1 exf4 31. Qd6 fxg3+ 32. Kg1 Qxd6 33. cxd6 Bxc3 34.
Nxc3 Bd7 35. Ne2 Kf7 36. Bf3 fxe4 37. Bxh5 gxh5 38. Nxg3 Bxh3 39. Nxe4 Ke6 40.
Kf2 Bf5 41. d7 Kxd7 42. Nc5+ Kd6 43. b4 Kd5 44. Ke3 h4 45. Kf4 h3 46. Kg3 Kc4
47. Na6 Kb3 48. Nb8 Be4 0-1

[Event "First Saturday 2011 februar FM-B"]
[Site "Budapest"]
[Date "2011.02.09"]
[Round "5"]
[White "Medvegyne, B.Emese"]
[Black "Darazs, Zoltan"]
[Result "0-1"]
[WhiteElo "2084"]
[BlackElo "2197"]
[PlyCount "106"]
[EventDate "2011.02.05"]

1. e4 c5 2. b3 Nc6 3. Bb2 d6 4. Bb5 Bd7 5. f4 a6 6. Bxc6 Bxc6 7. d3 d5 8. e5
Nh6 9. Nd2 Nf5 10. Qe2 e6 11. Ngf3 d4 12. O-O Ne3 13. Rfc1 Nd5 14. g3 h5 15.
Ne4 h4 16. c3 hxg3 17. hxg3 dxc3 18. Bxc3 Qb6 19. Kg2 O-O-O 20. Be1 Bb5 21.
Nxc5 Kb8 22. Bf2 Qa5 23. a4 Bc6 24. Be1 Qb6 25. b4 g5 26. Bf2 g4 27. Ne4 gxf3+
28. Qxf3 Qxb4 29. Rc4 Qb3 30. Kg1 f5 31. Nd2 Nxf4 32. Rxc6 Nh3+ 33. Kg2 Qxd3
34. Be3 Qxd2+ 35. Bxd2 Rxd2+ 36. Kf1 Rf2+ 37. Qxf2 Nxf2 38. Rxe6 Rh1+ 39. Ke2
Rxa1 40. Re8+ Kc7 41. Rxf8 Ne4 42. Kf3 Rf1+ 43. Kg2 Rf2+ 44. Kg1 Rf3 45. Rf7+
Kc6 46. Kh2 Nxg3 47. e6 Re3 48. e7 Ne2 49. a5 Nd4 50. Rf6+ Kd7 51. Rb6 Kxe7 52.
Rxb7+ Kf6 53. Rb6+ Re6 0-1

[Event "First Saturday 2011 februar FM-B"]
[Site "Budapest"]
[Date "2011.02.09"]
[Round "5"]
[White "Farkas, Richard"]
[Black "Zoltan, Andras"]
[Result "1-0"]
[WhiteElo "1982"]
[BlackElo "1969"]
[PlyCount "83"]
[EventDate "2011.02.05"]

1. e4 e5 2. Nf3 Nc6 3. Bb5 Bc5 4. O-O Nf6 5. c3 O-O 6. d4 Bb6 7. Re1 d6 8. Bg5
h6 9. Bxf6 Qxf6 10. Bxc6 bxc6 11. dxe5 dxe5 12. a4 a5 13. Nbd2 Ba6 14. c4 Rad8
15. Qc2 Bc5 16. Nf1 Qe6 17. b3 Rfe8 18. Ne3 Bxe3 19. Rxe3 Qd6 20. Qc3 Qb4 21.
Qxb4 axb4 22. Kf1 g5 23. Ke2 f6 24. Rd1 Rxd1 25. Kxd1 Rd8+ 26. Ke2 Rb8 27. Rd3
Bxc4 28. bxc4 b3 29. Rd1 Ra8 30. Rb1 Rxa4 31. Nd2 Kf7 32. Rxb3 Ke6 33. Kd3 Ra1
34. Rb8 Rg1 35. g3 Rg2 36. Rh8 Rxh2 37. Ke2 h5 38. Rh7 h4 39. gxh4 Rxh4 40.
Rxh4 gxh4 41. c5 f5 42. f3 1-0